STUDY ON DRONE SURVEYING TO PRODUCE ORTHOPHOTO FOR CADASTRAL MAPPING IN SANGKAT VEAL SBOV, KHAN CHBAR AMPOV, PHNOM PENH សិក្សាអំពីការបង្ហោះដ្រូនកសាងផែនទីរូបថតORTHOPHOTO សម្រាប់ការកសាងផែនទីសុរិយោដីនៅក្នុងសង្កាត់វាលស្បូវ ខណ្ឌច្បារអំពៅ រាជធានីភ្នំពេញ (Record no. 23190)

000 -LEADER
fixed length control field 00797nam a22001217a 4500
040 ## - CATALOGING SOURCE
Transcribing agency RUA
100 ## - MAIN ENTRY--AUTHOR NAME
Personal name LY HOU លី ហួ
245 ## - TITLE STATEMENT
Title STUDY ON DRONE SURVEYING TO PRODUCE ORTHOPHOTO FOR CADASTRAL MAPPING IN SANGKAT VEAL SBOV, KHAN CHBAR AMPOV, PHNOM PENH សិក្សាអំពីការបង្ហោះដ្រូនកសាងផែនទីរូបថតORTHOPHOTO សម្រាប់ការកសាងផែនទីសុរិយោដីនៅក្នុងសង្កាត់វាលស្បូវ ខណ្ឌច្បារអំពៅ រាជធានីភ្នំពេញ
260 ## - PUBLICATION, DISTRIBUTION, ETC. (IMPRINT)
Place of publication PHNOM PENH
Name of publisher RUA
Year of publication 2023
300 ## - PHYSICAL DESCRIPTION
Number of Pages XI. 50P
Other physical details VII.
Dimensions 29CM
856 ## - ELECTRONIC LOCATION AND ACCESS
Uniform Resource Identifier https://drive.google.com/file/d/1fhbSLvZkxAlBh36WyfyJLY62VsmGlsDh/view?usp=sharing
942 ## - ADDED ENTRY ELEMENTS (KOHA)
Koha item type LMA
952 ## - LOCATION AND ITEM INFORMATION (KOHA)
Withdrawn status [LOCAL, KOHA] 0
952 ## - LOCATION AND ITEM INFORMATION (KOHA)
Withdrawn status [LOCAL, KOHA] 0
952 ## - LOCATION AND ITEM INFORMATION (KOHA)
Withdrawn status [LOCAL, KOHA] 0
952 ## - LOCATION AND ITEM INFORMATION (KOHA)
Withdrawn status [LOCAL, KOHA] 0
Holdings
Permanent Location Date acquired Koha item type Lost status Shelving location Barcode Current Location Full call number
Library Block B2024-06-21LMA B1.498a076715Library Block BLMA LY 2023 B1-498 Or.
Library Block B2024-06-21LMA B1.498a076615Library Block BLMA LY 2023 B1-498 Or.
Library Block B2024-06-21LMA B1.498a076810Library Block BLMA LY 2023 B1-498 Or.
Library Block B2024-06-21LMA B1.498a076719Library Block BLMA LY 2023 B1-498 Or.
មជ្ឈមណ្ឌលឯការនៃសាកលវិទ្យាល័យភូមិន្ទកសិកម្មចំការដូង

Powered by Koha